Temperaturmessungen beim Abbinden von Kunststoffprovisorien und bei der Entfernung von Kunststoffüllungen /

Hlavní autor: Schmid, Knut-Axel
Korporativní autor: Universität Tübingen. Medizinische Fakultät
Jazyk: Němčina
Vydáno: Tübingen : Knut Axel Schmid, 1976
Fyzický popis: 104 s.
Knihy
Uloženo v:
LEADER 00792nam a22002172a 4500
001 001217790
003 CZ BrMZK
005 20121116111019.0
007 ta
008 120529s1976 gw er|||||||||||ger d
040 |a BOA001  |b cze 
100 1 |a Schmid, Knut-Axel  |4 dis 
245 1 0 |a Temperaturmessungen beim Abbinden von Kunststoffprovisorien und bei der Entfernung von Kunststoffüllungen /  |c Knut-Axel Schmid 
260 |a Tübingen :  |b Knut Axel Schmid,  |c 1976 
300 |a 104 s. 
502 |a Disertace--Universität Tübingen. Medizinische Fakultät, 1976 
710 2 |a Universität Tübingen.  |b Medizinische Fakultät  |7 xx0109384 
910 |a BOA001  |b 2-0767.196 
990 |a BK 
991 |b 201205 
996 7 |b 2619519975  |c 2-0767.196  |l MZK  |r Sklad / do 1 hodiny  |n 0  |w 001251529  |u 000010  |a 1  |e BOA001  |j MZK50  |s A